[Event "Quebec op"]
[Site "Montreal"]
[Date "1998.07.27"]
[Round "4"]
[White "Stewart, Ron"]
[Black "Soudre, Nicolas"]
[Result "1/2-1/2"]
[WhiteElo "1776"]
[BlackElo "2016"]
[PlyCount "110"]
[EventDate "1998.07.25"]
[EventType "swiss"]
[EventRounds "9"]
[EventCountry "CAN"]
[SourceTitle "EXT 2022"]
[Source "ChessBase"]
[SourceDate "2021.10.06"]
[SourceVersion "1"]
[SourceVersionDate "2021.10.06"]
[SourceQuality "1"]

1. d4 e6 2. e4 d5 3. e5 c5 4. c3 Qb6 5. Nf3 Nc6 6. a4 Bd7 7. Na3 cxd4 8. cxd4 Bb4+ 9. Ke2 Nge7 10. Nc2 Rc8 11. Bd2 Nf5 12. Bxb4 Nxb4 13. Nxb4 Qxb4 14. Qd2 Rc4 15. Ke1 Qxd2+ 16. Kxd2 Rxa4 17. Rxa4 Bxa4 18. Bd3 Bc6 19. g4 Ne7 20. Ra1 a6 21. Kc3 h5 22. g5 Kd7 23. Nd2 h4 24. Nb3 h3 25. Nc5+ Kc7 26. Rg1 g6 27. Rg3 Bb5 28. Bxb5 axb5 29. Kb4 Nc6+ 30. Kc3 Rh4 31. Nb3 b6 32. Rf3 Rh7 33. Nc1 Kd7 34. Ne2 Ke7 35. Ng1 Rh4 36. Ne2 b4+ 37. Kd3 b5 38. Rg3 Na5 39. f4 Nc4 40. Kc2 Rh8 41. Kd3 Ra8 42. Kc2 Ra1 43. Nc1 Na5 44. Rxh3 Nc6 45. Re3 b3+ 46. Kd2 Rb1 47. Rxb3 Nxd4 48. Rb4 Nf3+ 49. Kc2 Ra1 50. Nb3 Rf1 51. Rxb5 Nxh2 52. Rb7+ Kf8 53. Rb8+ Kg7 54. Rb4 Rf2+ 55. Kc3 Nf1 1/2-1/2